[Event "AUTO-ADV-1991"]
[Site "http://www.queenalice.com/game.php?id=938621"]
[Date "2011.5.16"]
[Round "2"]
[White "farnoud13"]
[Black "kamikaze"]
[Result "0-1"]
[WhiteElo "2140"]
[BlackElo "2137"]

1. e4 e5 2. Nf3 d6 3. d4 exd4 4. Nxd4 Nf6 5. Nc3 Be7 6. Bc4 O-O 7. O-O c5 8. Nf5
Bxf5 9. exf5 Nc6 10. Bf4 a6 11. a4 Nd4 12. g4 Qd7 13. Qd3 Nxg4 14. Nd5 Bd8 15.
h3 Nf6 16. Ne3 Qc6 17. Ng2 Re8 18. Qg3 Nxf5 19. Qh2 Nd4 20. Qg3 d5 21. Bd3 c4
22. Bh6 Nh5 23. Qg4 Qxh6 24. Bxh7+ Qxh7 25. Qxd4 Nf6 26. Rfe1 Rxe1+ 27. Rxe1
Qxc2 28. Nf4 Ba5 29. Re3 Qd2 30. Qc5 Ne4 31. Rxe4 dxe4 32. Qe5 Qe1+ 33. Kg2 Bb6
34. Kg3 Qxf2+ 35. Kg4 Qf3+ 36. Kf5 g6+ 37. Kg5 Qg3+ 38. Kh6 Qh4+ 39. Nh5 Be3+
0-1

[Event "AUTO-ADV-1991"]
[Site "http://www.queenalice.com/game.php?id=938624"]
[Date "2011.5.16"]
[Round "2"]
[White "farnoud13"]
[Black "juanluciano"]
[Result "1-0"]
[WhiteElo "2117"]
[BlackElo "1807"]

1. e4 e5 2. Nf3 Nc6 3. Bc4 Nf6 4. d3 Bc5 5. Nc3 O-O 6. h3 d6 7. Bg5 Re8 8. Nd5
Be6 9. Bxf6 gxf6 10. Qd2 Kh8 11. Qh6 Rg8 12. Nxf6 Rg7 13. Ng5 1-0

[Event "AUTO-ADV-1991"]
[Site "http://www.queenalice.com/game.php?id=938625"]
[Date "2011.5.16"]
[Round "2"]
[White "juanluciano"]
[Black "farnoud13"]
[Result "0-1"]
[WhiteElo "1797"]
[BlackElo "2131"]

1. e4 d5 2. exd5 Qxd5 3. Nc3 Qa5 4. d4 Nf6 5. Nf3 Bg4 6. Bc4 e6 7. O-O Nbd7 8.
a3 c6 9. Re1 Bd6 10. Bg5 O-O 11. Qd3 Bxf3 12. b4 Qxg5 13. Qxf3 Nd5 14. Ne4 Qe7
15. Bxd5 cxd5 16. Nxd6 Qxd6 17. Rac1 Rac8 0-1

[Event "AUTO-OPEN-2210"]
[Site "http://www.queenalice.com/game.php?id=967905"]
[Date "2011.8.2"]
[Round "3"]
[White "axelsun"]
[Black "farnoud13"]
[Result "0-1"]
[WhiteElo "1945"]
[BlackElo "2167"]

1. d4 d5 2. c4 e6 3. Nc3 Bb4 4. Qc2 Nf6 5. Bg5 h6 6. Bh4 c6 7. e3 g5 8. Bg3 Ne4
9. Ne2 Nxg3 10. Nxg3 Nd7 11. Be2 Nf6 12. O-O-O Bd7 13. Qb3 Qa5 14. Nb1 O-O-O 15.
a3 Be7 16. c5 h5 17. Nc3 h4 18. Nf1 Ne8 19. Nd2 f5 20. Rhf1 Nf6 21. h3 Be8 22.
f3 Bh5 23. Kb1 Bg6 24. Bd3 Rhg8 25. e4 Nh5 26. Ne2 Ng7 27. e5 Nh5 28. Qc2 Rd7
29. Nb3 Qd8 30. Qc3 Kb8 31. Na5 Nf4 32. Ba6 Qc8 33. Nxf4 gxf4 34. Be2 Bh5 35.
Rf2 Bd8 36. Nb3 Rdg7 37. Rg1 Rg3 38. Qc1 Bg5 39. Nd2 Qc7 40. Nf1 Bh6 41. Nxg3
fxg3 42. Rff1 Bxc1 43. Rxc1 Qa5 44. Rgf1 Qd2 0-1

[Event "AUTO-OPEN-2210"]
[Site "http://www.queenalice.com/game.php?id=967906"]
[Date "2011.8.2"]
[Round "3"]
[White "farnoud13"]
[Black "axelsun"]
[Result "1-0"]
[WhiteElo "2172"]
[BlackElo "1938"]

1. e4 c5 2. Nf3 Nc6 3. Bb5 e6 4. Bxc6 bxc6 5. O-O d5 6. exd5 cxd5 7. d4 Qb6 8.
Nc3 Nf6 9. Be3 Bd7 10. Rb1 Rc8 11. Ne5 Bd6 12. Nxd7 Kxd7 13. dxc5 Bxc5 14. Na4
Qd6 15. Nxc5+ Rxc5 16. Bxc5 Qxc5 17. h3 Rc8 18. c3 Ne4 19. Qd3 Ke7 20. Rbd1 Rd8
21. Qd4 Qxd4 22. Rxd4 e5 23. Ra4 Rd7 24. Re1 f6 25. f3 Nc5 26. Rh4 h6 27. Rg4
Kf7 28. Rd1 a5 29. b4 f5 30. Rh4 Ne6 31. bxa5 e4 32. fxe4 fxe4 33. Rxe4 Nc5 34.
Red4 Ke6 35. Kf1 Ne4 36. c4 Nc3 37. R1d3 Ke5 38. cxd5 Nxd5 39. a6 Ne3+ 40. Ke2
Rxd4 41. Rxd4 Kxd4 42. a7 Nd5 43. a8=Q Ke5 44. a4 Nc3+ 45. Kf3 Nd5 46. Qe8+ Kd6
47. Qg6+ Kc5 48. Qxg7 1-0

[Event "AUTO-OPEN-2210"]
[Site "http://www.queenalice.com/game.php?id=967909"]
[Date "2011.8.2"]
[Round "3"]
[White "farnoud13"]
[Black "araujox"]
[Result "0-1"]
[WhiteElo "2152"]
[BlackElo "2175"]

1. d4 Nf6 2. Bf4 e6 3. e3 c5 4. c3 Nc6 5. Nd2 d5 6. Bd3 Be7 7. Ngf3 O-O 8. Ne5
Qb6 9. Rb1 cxd4 10. exd4 Nxe5 11. Bxe5 Nd7 12. Bg3 Bd6 13. f4 Qc7 14. O-O f5 15.
Nf3 Nf6 16. Ne5 Ne4 17. Bxe4 fxe4 18. Qg4 Bd7 19. h4 Rf5 20. h5 Bb5 21. Rfe1
Bxe5 22. fxe5 Raf8 23. h6 g6 24. Bh4 Qb6 25. Bf6 Bd3 26. Bg7 R8f7 27. Rbc1 Qxb2
28. Qh4 Qf2+ 29. Qxf2 Rxf2 30. a4 R7f5 31. a5 a6 32. Bf6 Ra2 33. Ra1 Rff2 34.
Rxa2 Rxa2 35. Bd8 Kf7 36. Kh2 Ke8 37. Bb6 Rc2 38. Rd1 Rxc3 39. Rd2 e3 40. Rd1 e2
41. Re1 Bb5 42. Kg1 g5 43. Kf2 g4 44. g3 Rf3+ 0-1

[Event "AUTO-OPEN-2210"]
[Site "http://www.queenalice.com/game.php?id=967910"]
[Date "2011.8.2"]
[Round "3"]
[White "araujox"]
[Black "farnoud13"]
[Result "1-0"]
[WhiteElo "2157"]
[BlackElo "2164"]

1. d4 d5 2. Nf3 Nf6 3. c4 dxc4 4. e3 e6 5. Bxc4 Bb4+ 6. Nc3 O-O 7. O-O c6 8. a3
Bxc3 9. bxc3 Nbd7 10. Qc2 c5 11. e4 cxd4 12. cxd4 a6 13. e5 Ne8 14. a4 Nc7 15.
Ng5 g6 16. Ra3 Re8 17. Rh3 Nf8 18. Ne4 Nd5 19. Bg5 Qc7 20. Rc1 Nd7 21. Qd2 Qb6
22. Bxd5 exd5 23. Nf6+ Nxf6 24. Bxf6 Re6 25. Qh6 Rxf6 26. Qxh7+ Kf8 27. Qh8+ Ke7
28. exf6+ Kd7 29. Qg7 Kd6 30. Re3 Be6 31. Rxe6+ Kxe6 32. Re1+ Kf5 33. Re5+ Kf4
34. Qh6+ 1-0

[Event "AUTO-OPEN-2459"]
[Site "http://www.queenalice.com/game.php?id=978009"]
[Date "2011.8.28"]
[Round "1"]
[White "farnoud13"]
[Black "kumite"]
[Result "1-0"]
[WhiteElo "2137"]
[BlackElo "1483"]

1. e4 g6 2. d4 Bg7 3. f4 a5 4. Nf3 a4 5. Bc4 d6 6. O-O Bg4 7. Bxf7+ Kxf7 8. Ng5+
Kf8 9. Qxg4 Nf6 10. Qh3 h6 11. Ne6+ Ke8 12. Nxd8 Kxd8 13. e5 Ne4 14. Nd2 Nxd2
15. Bxd2 dxe5 16. dxe5 Na6 17. Bc3 h5 18. Rad1+ Ke8 19. f5 gxf5 20. Qxf5 Nc5 21.
Qf7# 1-0

[Event "AUTO-OPEN-2459"]
[Site "http://www.queenalice.com/game.php?id=978010"]
[Date "2011.8.28"]
[Round "1"]
[White "kumite"]
[Black "farnoud13"]
[Result "0-1"]
[WhiteElo "1543"]
[BlackElo "2139"]

1. g3 d5 2. a4 c5 3. a5 Nf6 4. Bg2 Nc6 5. b3 Bf5 6. a6 b6 7. Nf3 e6 8. Ng5 h6 9.
Nf3 Be7 10. Na3 O-O 11. Nb5 Nb4 12. Ne5 Bxc2 13. Nc6 Qd7 14. Nxb4 Bxd1 15. Kxd1
Qxb5 16. Nd3 Qxb3+ 17. Ke1 c4 18. Ne5 c3 19. Kf1 cxd2 20. Bxd2 Rfc8 21. Nd3 Rc2
22. Be3 Rac8 23. Bh3 Ne4 24. Ne5 Bf6 25. Kg2 Bxe5 26. f4 Rxe2+ 27. Kf1 Rxe3 28.
Rg1 Qd3+ 29. Kg2 Re2+ 30. Kh1 Qf3+ 31. Bg2 Nf2# 0-1

[Event "AUTO-OPEN-2459"]
[Site "http://www.queenalice.com/game.php?id=978013"]
[Date "2011.8.28"]
[Round "1"]
[White "farnoud13"]
[Black "RodriguesL"]
[Result "1-0"]
[WhiteElo "2137"]
[BlackElo "1377"]

1. e4 e5 2. Nf3 Nc6 3. Bc4 Nh6 4. O-O g6 5. d3 Bg7 6. Bg5 f6 7. Be3 Ne7 8. h3
Nc6 9. Nc3 b6 10. a3 Bb7 11. Qd2 Qe7 12. Bxh6 O-O-O 13. Bxg7 Qxg7 14. b4 g5 15.
Nd5 Kb8 16. a4 a6 17. b5 Nd4 18. Nxd4 exd4 19. a5 c5 20. bxa6 Bxd5 21. Bxd5 Ka7
22. axb6+ Kxb6 23. Qa5+ Ka7 24. Qc7# 1-0

[Event "AUTO-OPEN-2459"]
[Site "http://www.queenalice.com/game.php?id=978014"]
[Date "2011.8.28"]
[Round "1"]
[White "RodriguesL"]
[Black "farnoud13"]
[Result "0-1"]
[WhiteElo "1352"]
[BlackElo "2138"]

1. e4 c6 2. d4 d5 3. e5 Bf5 4. Be3 e6 5. Bd3 Bg6 6. Nf3 c5 7. dxc5 Nd7 8. Bxg6
hxg6 9. O-O Nxc5 10. c3 Qc7 11. Bd4 Nh6 12. b4 Nd7 13. a4 Nf5 14. a5 Nxd4 15.
Nxd4 Qxe5 16. Na3 Qxh2# 0-1

[Event "AUTO-MASTER-1483"]
[Site "http://www.queenalice.com/game.php?id=978413"]
[Date "2011.8.29"]
[Round "1"]
[White "farnoud13"]
[Black "pgierech"]
[Result "1-0"]
[WhiteElo "2177"]
[BlackElo "1922"]

1. d4 Nf6 2. Bf4 c6 3. e3 d5 4. Bd3 Bg4 5. Nf3 e6 6. O-O Bd6 7. Bxd6 Qxd6 8. h3
Bh5 9. Nbd2 Nbd7 10. c3 Bg6 11. Bxg6 hxg6 12. Re1 O-O-O 13. b4 Nh7 14. c4 e5 15.
cxd5 cxd5 16. Nb3 e4 17. Nfd2 Kb8 18. Nc5 f5 19. a4 Ng5 20. f4 Nxh3+ 21. gxh3
Rxh3 22. Nf1 g5 23. Nxd7+ Rxd7 24. Qd2 g4 25. Re2 g5 26. Rh2 Rdh7 27. Ra2 Qa6
28. b5 Qh6 29. Rxh3 Qxh3 30. Qh2 gxf4 31. Qxf4+ Rc7 32. Rh2 1-0

[Event "AUTO-MASTER-1483"]
[Site "http://www.queenalice.com/game.php?id=978414"]
[Date "2011.8.29"]
[Round "1"]
[White "pgierech"]
[Black "farnoud13"]
[Result "1/2-1/2"]
[WhiteElo "1951"]
[BlackElo "2181"]

1. e4 d5 2. exd5 Qxd5 3. Nc3 Qa5 4. d4 c6 5. Nf3 Nf6 6. Bc4 e6 7. Bd2 Qc7 8. O-O
Bd6 9. h3 b5 10. Bb3 Bb7 11. Re1 O-O 12. Ne4 Nxe4 13. Rxe4 c5 14. Rg4 c4 15. Bh6
g6 16. Bxf8 Bxf8 17. c3 cxb3 18. axb3 Nd7 19. Nd2 Nf6 20. Rg3 Rd8 21. Rxa7 Qb6
22. Ra1 b4 23. Nc4 Qb5 24. Ra5 Qc6 25. Ne5 Qc7 26. Ra1 Ne4 27. Re3 bxc3 28. bxc3
Nxc3 29. Qc2 Nd5 30. Qxc7 Nxc7 31. Ra7 Nd5 32. Rxb7 Nxe3 33. fxe3 f6 34. Nc4 Ra8
35. Kf2 h5 36. Kf3 Ra1 37. b4 Ra4 38. Rb8 Rxb4 39. Rc8 1/2-1/2

[Event "AUTO-MASTER-1483"]
[Site "http://www.queenalice.com/game.php?id=978415"]
[Date "2011.8.29"]
[Round "1"]
[White "farnoud13"]
[Black "HILITO"]
[Result "1-0"]
[WhiteElo "2138"]
[BlackElo "2188"]

1. d4 c6 2. Bf4 d5 3. e3 Nf6 4. Nd2 Nbd7 5. Bd3 e6 6. Ngf3 Be7 7. Ne5 O-O 8. Qf3
c5 9. c3 c4 10. Bc2 a6 11. Qh3 g6 12. g4 Re8 13. Ndf3 Bf8 14. Bh6 Qc7 15. Bxf8
Nxf8 16. Ng5 Re7 17. Qg3 b5 18. h4 Ne4 19. Nxe4 dxe4 20. Bxe4 Bb7 21. Bxb7 Qxb7
22. Ke2 Qe4 23. Rad1 Raa7 24. f3 Qb7 25. h5 g5 26. f4 f6 27. Nf3 h6 28. fxg5
fxg5 29. Ne5 Nh7 30. Rhf1 b4 31. Nxc4 bxc3 32. bxc3 Qd5 33. Qb8+ Kg7 34. Qe5+
Qxe5 35. Nxe5 Nf6 36. Kd3 Rab7 37. Rb1 a5 38. c4 a4 39. a3 Rb3+ 40. Rxb3 axb3
41. Rb1 Rb7 42. c5 b2 43. c6 Rb3+ 44. Kc4 Rxa3 45. Rxb2 Ra8 46. Rb7+ Kg8 47. c7
1-0

[Event "AUTO-MASTER-1483"]
[Site "http://www.queenalice.com/game.php?id=978416"]
[Date "2011.8.29"]
[Round "1"]
[White "HILITO"]
[Black "farnoud13"]
[Result "0-1"]
[WhiteElo "2173"]
[BlackElo "2154"]

1. e4 c6 2. d4 d5 3. e5 b6 4. Nf3 e6 5. Nbd2 Ne7 6. Bd3 Ba6 7. c4 Qc7 8. b3 c5
9. Bb2 Nbc6 10. O-O cxd4 11. cxd5 Bxd3 12. dxc6 Bxf1 13. Nxf1 Nxc6 14. Rc1 Bc5
15. Ng3 O-O 16. Ne4 Qe7 17. a3 a5 18. Qc2 Rac8 19. Nxc5 bxc5 20. Qxc5 Qxc5 21.
Rxc5 Ne7 22. Bxd4 Rxc5 23. Bxc5 Rc8 24. b4 Nd5 25. Kf1 axb4 26. axb4 Rb8 27. Ke2
Nxb4 28. Nd4 Nd5 29. g3 Rb2+ 30. Kf3 h5 31. h4 Kh7 32. Ne2 Kg6 33. Nf4+ Nxf4 34.
Kxf4 Rc2 35. Be3 Rc4+ 36. Kf3 Kf5 37. Bf4 Rc3+ 38. Kg2 Kg4 39. Be3 Rc2 40. Bf4
Kf5 41. Kf3 Rc3+ 42. Kg2 Ke4 43. Kh2 Kf3 44. Be3 Rc2 45. Kg1 Re2 46. Kf1 Rxe3
47. fxe3 Kxe3 48. Kg2 Ke4 0-1

[Event "AUTO-MASTER-1483"]
[Site "http://www.queenalice.com/game.php?id=978417"]
[Date "2011.8.29"]
[Round "1"]
[White "farnoud13"]
[Black "xyzzyx"]
[Result "1-0"]
[WhiteElo "2127"]
[BlackElo "2070"]

1. d4 d5 2. Bf4 Nf6 3. e3 e6 4. Nf3 c5 5. c3 Be7 6. Nbd2 a6 7. a4 Bd7 8. Bd3 Nc6
9. h3 Qb6 10. Rb1 cxd4 11. exd4 Na5 12. O-O Qc7 13. Bxc7 1-0

[Event "AUTO-MASTER-1483"]
[Site "http://www.queenalice.com/game.php?id=978418"]
[Date "2011.8.29"]
[Round "1"]
[White "xyzzyx"]
[Black "farnoud13"]
[Result "0-1"]
[WhiteElo "2029"]
[BlackElo "2128"]

1. c4 c6 2. Nc3 d5 3. cxd5 cxd5 4. d4 Nc6 5. g3 Nf6 6. Bg2 Bf5 7. e3 e6 8. Nge2
Be7 9. O-O h6 10. a3 a6 11. Na4 O-O 12. b4 Ne4 13. Nc5 Nd6 14. Bb2 Nc4 15. Bc3
b6 16. Nb3 Na7 17. Nf4 Nb5 18. Bd2 Nbxa3 19. Re1 Nc2 20. e4 Nxe1 21. exf5 Nxg2
22. Kxg2 exf5 23. Bc3 Bf6 24. Qf3 Qd6 25. Nxd5 Rfd8 26. Nxf6+ Qxf6 27. Nc1 Nd6
28. d5 Qg5 29. h4 Qg4 30. Qe3 Qe4+ 31. Qxe4 Nxe4 32. Bd4 Rxd5 33. Bxb6 Rd2 34.
Be3 Rd1 35. Nb3 Rxa1 36. Nxa1 Rc8 37. Nb3 Rc4 38. Nc5 Nxc5 0-1